| 000 | 02220nam0a2200373 4500 | ||
|---|---|---|---|
| 001 | RU\NLR\BIBL_A\012382741 | ||
| 005 | 20201202120511.0 | ||
| 010 |
_a978-5-88999-584-5 _950 |
||
| 021 |
_aRU _bКН-П-20-038559 _9КН-П-20-2920 |
||
| 035 | _a(NLR Aleph) 012382741 | ||
| 035 | _a(RuMoRGB)010373349 | ||
| 090 |
_a11635768 _c11635768 |
||
| 100 | _a20201019d2018 u y0rusy50 ca | ||
| 101 | 0 | _arus | |
| 102 | _aRU | ||
| 105 | _aa|||j|||000zy | ||
| 181 | 0 |
_ai _baxxe |
|
| 182 | 0 | _an | |
| 200 | 1 |
_aОрганизация и методы профилактики потребления психоактивных веществ в медицинском вузе _eучебное пособие _fФедеральное государственное бюджетное образовательное учреждение высшего образования "Первый Санкт-Петербургский государственный медицинский университет имени академика И. П. Павлова" Министерства здравоохранения Российской Федерации, Кафедра общей клинической психологии _g[К. А. Ипатова и др.] |
|
| 203 |
_aТекст _bвизуальный _cнепосредственный |
||
| 210 |
_aСанкт-Петербург _cРИЦ ПСПбГМУ _d2018 |
||
| 215 |
_a51 с. _cил., табл. _d21 |
||
| 320 | _aБиблиогр.: с. 41-44 (44 назв.) | ||
| 606 | 1 |
_aНаркомания студентов _jУчебные издания _xПрофилактика _92297025 _3RU\NLR\AUTH\661375403 |
|
| 686 | 1 | _aР645.1-8я7 | |
| 686 | 1 | _aЧ481.354я7 | |
| 702 | 1 |
_aИпатова _bК. А. _gКира Александровна _4220 |
|
| 712 | 0 | 2 |
_4570 _aСанкт-Петербургский государственный медицинский университет им. И. П. Павлова _bКафедра общей и клинической психологии _9554761 _3RU\NLR\AUTH\880445558 |
| 942 | _cBOOK | ||
| 980 | _aNBR | ||
| 980 | _aNB | ||